El Delito de desobediencia de los funcionarios públicos / Fco. Javier Álvarez García
ISBN:
84-7676-051-5
Descripción Física:
292 p. ; 21 cm
MARC
| LEADER | 00000nam a2200000Ia 4500 | ||
|---|---|---|---|
| 001 | 20063 | ||
| 008 | 160829s1987 xx 000 0 cat d | ||
| 020 | |a 84-7676-051-5 | ||
| 080 | |a D-4-7 | ||
| 100 | |a Álvarez García, Francisco Javier |9 44888 | ||
| 245 | |a El Delito de desobediencia de los funcionarios públicos / Fco. Javier Álvarez García | ||
| 260 | |a Barcelona : |b Bosch, |c 1987 | ||
| 300 | |a 292 p. ; |c 21 cm | ||
| 650 | |a Delictes dels funcionaris |x Espanya |9 44889 | ||
| 650 | 0 | |a Funció pública |z Espanya |9 11103 | |
| 901 | |a Arxiu | ||
| 942 | |n 1 | ||
| 952 | |0 1 |1 0 |2 udc |4 0 |5 2 |6 D47 |7 1 |9 52228 |a Arxiu |b Arxiu |d 2016-12-01 |l 0 |o D-4-7 |p 20063 |r 2016-12-01 00:00:00 |w 2016-12-01 |y ARXIU | ||
| 999 | |c 56076 |d 56076 | ||